000 00436nam a2200181Ia 4500
008 230524s9999 xx 000 0 und d
020 _a9788127236908
082 _a658.3
_bGUP
100 _aShashi K.Gupta
245 0 _aHuman Resource Management
250 _aIST
260 _aNEW DELHI
_bKalyani
_c2008
300 _aXVI;46.11
500 _aQuantity Number: 10
650 _aManagement
700 _a Rosy Joshi
942 _cBK
999 _c41462
_d41462